| 000 | 00756nam a2200229Ia 4500 | ||
|---|---|---|---|
| 003 | GCL | ||
| 008 | 140319s9999 xx 000 0 ara d | ||
| 040 |
_aGCL / _cGCL |
||
| 082 | 0 | 4 |
_a364.155 _bد ع |
| 100 | 1 | _aدلتافو،اليسا | |
| 245 | 1 | 0 |
_aالعنف العائلى / _cدلتافو،اليسا |
| 700 | 1 | _aنوال لايقة | |
| 250 | _aالاولى | ||
| 260 |
_aسوريا : _bدار الهدى للطباعة والنشر ، _c1999 |
||
| 300 |
_a159 ص ؛ _c24 سم |
||
| 650 | 0 | 4 | _aالعنف |
| 650 | 0 | 4 | _aجرائم ضد الانسانية |
| 650 | 0 | 4 | _aالعنف - الجوانب الاخلاقية والدينية |
| 650 | 0 | 4 | _aالاسرة - اخلاقيات |
| 650 | 0 | 4 | _aالاسرة - علم نفس |
| 942 |
_2ddc _cBK |
||
| 999 |
_c5467 _d5467 |
||